Ácxen Béc con người của thế kỷ 20
Kaydedildi:
| Yazar: | |
|---|---|
| Diğer Yazarlar: | , |
| Materyal Türü: | Kitap |
| Baskı/Yayın Bilgisi: |
H.
Thanh niên
1980
|
| Konular: | |
| Etiketler: |
Etiketle
Etiket eklenmemiş, İlk siz ekleyin!
|
| Thư viện lưu trữ: | Trung tâm Học liệu Lê Vũ Hùng, Trường Đại học Đồng Tháp |
|---|
| LEADER | 00813pam a22002418a 4500 | ||
|---|---|---|---|
| 001 | 00022861 | ||
| 005 | 20171026081025.0 | ||
| 008 | 110606s1980 ||||||Viesd | ||
| 041 | 0 | # | |a Vie |
| 082 | 1 | 4 | |a 620.009 |b A100C |
| 100 | |a Rađunxkala Irina | ||
| 245 | 0 | 0 | |a Ácxen Béc con người của thế kỷ 20 |c Rađunxkala Irina; Người dịch : Lê Ngọc Thái, Đặng Chung |
| 260 | # | # | |a H. |b Thanh niên |c 1980 |
| 300 | # | # | |a 337 tr. |c 19 cm. |
| 650 | # | 4 | |a Sự nghiệp |
| 650 | # | 4 | |a Ácxen Béc |
| 650 | # | 4 | |a Thân thế |
| 700 | 0 | # | |a Lê Ngọc Thái |e dịch |
| 700 | 0 | # | |a Đặng Chung |e dịch |
| 852 | # | # | |j KD.0008917 |
| 852 | # | # | |b Kho đọc |j KD.0008917 |
| 910 | 0 | # | |a nhnam |d 06/06/2011 |
| 980 | # | # | |a Trung tâm Học liệu Lê Vũ Hùng, Trường Đại học Đồng Tháp |